[Event "Quebec-ch U20"]
[Site "Montreal"]
[Date "1992.02.29"]
[Round "5"]
[White "Falardeau, Richard"]
[Black "Ghannoum, Marc"]
[Result "0-1"]
[WhiteElo "1818"]
[BlackElo "2036"]
[PlyCount "30"]
[EventDate "1992.02.27"]
[EventType "tourn"]
[EventRounds "7"]
[EventCountry "CAN"]
[SourceTitle "EXT 2022"]
[Source "ChessBase"]
[SourceDate "2021.10.06"]
[SourceVersion "1"]
[SourceVersionDate "2021.10.06"]
[SourceQuality "1"]

1. e4 e5 2. Nf3 Nc6 3. Bb5 f5 4. Bxc6 dxc6 5. Nxe5 Qd4 6. Qh5+ g6 7. Nxg6 hxg6 8. Qxg6+ Kd8 9. Nc3 Bd6 10. g3 Ne7 11. Qg5 fxe4 12. 0-0 Bf5 13. Re1 Rxh2 14. Qe3 Qh8 15. Nxe4 Rh1+ 0-1

[Event "Laval Ile Jesus op"]
[Site "Laval"]
[Date "1991.11.23"]
[Round "3"]
[White "Grondin, Jean Philippe"]
[Black "Falardeau, Richard"]
[Result "1-0"]
[WhiteElo "2012"]
[BlackElo "1829"]
[PlyCount "107"]
[EventDate "1991.11.22"]
[EventType "swiss"]
[EventRounds "5"]
[EventCountry "CAN"]
[SourceTitle "EXT 2022"]
[Source "ChessBase"]
[SourceDate "2021.10.06"]
[SourceVersion "1"]
[SourceVersionDate "2021.10.06"]
[SourceQuality "1"]

1. d4 d5 2. Nf3 c6 3. e3 Bg4 4. c4 e6 5. Nbd2 Nd7 6. Be2 Ngf6 7. 0-0 Bd6 8. Ng5 Bxe2 9. Qxe2 h6 10. Ngf3 g5 11. e4 dxe4 12. Nxe4 Nxe4 13. Qxe4 Nf6 14. Qe2 Qc7 15. Ne5 0-0-0 16. b3 Rhg8 17. Bb2 h5 18. Rfe1 g4 19. Rad1 Rg5 20. Qe3 Rf5 21. a3 Nd7 22. b4 Re8 23. c5 Be7 24. Qb3 Bg5 25. Nc4 Be7 26. Qa4 a6 27. Qc2 Nf6 28. Nb6+ Kb8 29. d5 cxd5 30. Qxf5 exf5 31. Be5 Bd8 32. Bxc7+ Bxc7 33. Rxe8+ Nxe8 34. Nxd5 Ng7 35. Nxc7 Kxc7 36. Rd5 Kc6 37. Rd6+ Kc7 38. Rf6 Ne6 39. Rxf7+ Kc6 40. Rxf5 Nd4 41. Rxh5 Nc2 42. Rg5 Nxa3 43. Rxg4 Kb5 44. h4 Nc4 45. Rxc4 Kxc4 46. h5 Kxb4 47. h6 Kxc5 48. h7 b5 49. h8Q b4 50. Kf1 Kc4 51. Ke2 a5 52. Kd2 a4 53. Kc2 a3 54. Qh4+ 1-0